00491nam a2200193 a 4500001001300000003000900013005001700022008004100039020000800080082001800088100002700106245001600133260004300149300000900192500003500201505001700236650001700253700002700270nice12345678IN_TiNIC20260116011911.0050524s1974 hyda grp 000 0 urd  ac600a891.4393bMEH aMehdi, Parwez Yadullah aChaid Chaad aHyderabadbMatbuat Zinda Dilaanec1974 a144p aincludes index and biblioraphy2 aBibliography aUrdu-Fiction1 aMehdi, Parwez Yadullah